000
00331 a2200157 4500
001
153030
040
_c
Escola São Tomás de Aquino
100
_a
ALENCAR, José de
240
1
0
_a
Lucíola
_l
por
245
1
0
_a
Lucíola
300
_a
127
362
0
_a
1997
440
1
_a
Ática
697
_a
LITERATURA BRASILEIRA
942
_c
BK
999
_c
153030
_d
153030